000 00646nam a2200205 i 4500
001 36930
003 ES-MaACL
005 20240417111736.0
007 t|
008 030219s1986 sp ||||1| spa d
100 1 _aBouzas, Luz-Sira.
_931107
245 1 0 _aNaces de mi silencio /
_cLuz-Sira Bouzas ; edición Angel Caffarena.
260 _aMálaga :
_bEl Guadalhorce,
_c1986.
300 _a28 p., 3 h., 1 h. de lám. ;
_c22 cm.
490 1 _aCuadernos del Sur ;
_v92
700 1 _aCaffarena, Ángel,
_d1914-1998
_933414
830 0 _aCuadernos del Sur ;
_v92
_9187088
852 _aES-MaACL
_j2143-F-6
_bR.114550
999 _c36930
_d36930